Comerce exterieur et develppement de la petite nation
Gardado en:
| Autor Principal: | |
|---|---|
| Formato: | Libro |
| Idioma: | Undetermined |
| Publicado: |
Paris
Universite Libanaise
1972
|
| Những chủ đề: | |
| Các nhãn: |
Engadir etiqueta
Sen Etiquetas, Sexa o primeiro en etiquetar este rexistro!
|
| Thư viện lưu trữ: | Trung tâm Học liệu Trường Đại học Cần Thơ |
|---|
| LEADER | 00499nam a2200169Ia 4500 | ||
|---|---|---|---|
| 001 | CTU_79577 | ||
| 008 | 210402s9999 xx 000 0 und d | ||
| 082 | |a 380.1 | ||
| 082 | |b B311 | ||
| 100 | |a Basile, Antoine | ||
| 245 | 0 | |a Comerce exterieur et develppement de la petite nation | |
| 245 | 0 | |c Antoine Basile | |
| 260 | |a Paris | ||
| 260 | |b Universite Libanaise | ||
| 260 | |c 1972 | ||
| 650 | |a Commerce,International economic relations | ||
| 980 | |a Trung tâm Học liệu Trường Đại học Cần Thơ | ||